000 02221nam a2200253Ia 4500
999 _c53595
_d53595
001 20642
003 GE_BSU
005 20210329162641.0
008 181216s2017||||ge |||||||||||||| ||geo||
040 _cGE_BSU
041 _ageo
080 _a82 ფ-98
100 _aფუტკარაძე, ნანა
_910802
245 _aმხატვრული ტექსტის ანალიზი, როგორც დაწყებითი კლასების მოსწავლეთა ინტელექტუალური განვითარების საშუალება /
_cნანა ფუტკარაძე; მეცნ. ხელმძღვანელი ნანა მაკარაძე, ინგა შამილიშვილი; ბათუმის შოთა რუსთაველის სახელმწიფო უნ-ტი, განათლების ფაკულტეტი, პედაგოგიურ მეცნიერებათა დეპარტამენტი.
264 _aბათუმი:
_bბსუ,
_c2017.
300 _a226 გვ;
_b30 სმ.
653 _aდისერტაცია
653 _aმხატვრული ტექსტის ანალიზი,როგორც დაწყებითი კლასების მოსწავლეთა ინტელექტუალური განვითარების საშუალება
653 _aქართული ენისა და ლიტერატურის სწავლების მეთოდიკა
700 _aმაკარაძე, ნანა
_eმეცნ. ხელმძღვანელი
_910803
700 _aშამილიშვილი, ინგა
_eმეცნ. ხელმძღვანელი
_97354
710 _aბათუმის შოთა რუსთაველის სახელმწიფო უნ-ტი;
_bგანათლების ფაკულტეტი. პედაგოგიურ მეცნიერებათა დეპარტამენტი.
_910805
942 _cBK
_2udc